| 000 | 00922aam a22003011i 4500 | ||
|---|---|---|---|
| 001 | 009054705 | ||
| 003 | EG-ScBUE | ||
| 005 | 20251201094359.0 | ||
| 008 | 020808s2020 enk f 000 1 eng d | ||
| 020 | _a9780141185132 | ||
| 040 |
_aStDuBDS _beng _erda _dUk _cEG-ScBUE _dEG-ScBUE |
||
| 041 | 1 |
_aeng _hfre |
|
| 082 | 0 | 4 |
_a843.912 _222 _bCAM |
| 100 | 1 |
_aCamus, Albert, _d1913-1960, _eauthor. |
|
| 240 | 1 | 0 |
_aPeste. _lEnglish |
| 245 | 1 | 4 |
_aThe plague / _cAlbert Camus. |
| 264 | 1 |
_aLondon : _bPenguin Books, _c2020. |
|
| 300 |
_a256 pages ; _c20 cm. |
||
| 336 |
_atext _2rdacontent _btxt |
||
| 337 |
_aunmediated _2rdamedia _bn |
||
| 338 |
_avolume _2rdacarrier _bnc |
||
| 490 | 0 | _aPenguin classics | |
| 546 | _aText in English ; translated from the original French language. | ||
| 650 | 7 |
_aEpidemics _zFrance _vFiction. _2BUEsh |
|
| 650 | 7 |
_aPlague _zFrance _vFiction. _2BUEsh |
|
| 655 | _vReading book | ||
| 942 |
_2ddc _cBB |
||
| 999 |
_c31033 _d31004 |
||